000 00586cam a2200205ua 4500
005 20260226075811.0
008 160823n ii |||gr||||Z||||||asm
040 _cMAIN
041 _dasm
082 _a891.4514
_bGOS
100 _aGoswami, Jatindra Nath,
_eauthor
245 _aAsamiya sahityar chamu buranji/
_cby Jatindra Nath Goswami
250 _a3rd.
260 _aGuwahati:
_bNew book stall,
_c1964.
300 _a272p:
_c23cm.
650 _aShort history of Assamese literature
653 _aAssamese literature
653 _aAsamiya sahityar Chamu buranji
942 _cBK
_2ddc
999 _c3572
_d3572